Proteȯ̂ de dados

Bibliographic Details
Main Author: Bezerra Sales Sarlet, Gabrielle
Other Authors: Neubarth Trindade, Manoel Gustavo, Melgar,̌ Pln̕io
Format: eBook
Language:Portuguese
Published: Indaiatuba: Editora Foco, 2021
Subjects:
Online Access:Acceso restringido

MARC

LEADER 00000nam a22000007a 4500
005 20220503231955.0
007 cr|||| ||||
008 220503s2021 br |||||s|||| 00||0 por d
020 |a 978-65-5515-332-3 
035 |a 36253 
040 |a vLex 
090 |c 13263  |d 13263 
100 1 |a Bezerra Sales Sarlet, Gabrielle 
245 1 0 |a  Proteȯ̂ de dados  |h [Recurso electrn̤ico] /  |c Gabrielle Bezerra Sales Sarlet, Manoel Gustavo Neubarth Trindade, Pln̕io Melgař 
256 |a Servicio en ln̕ea 
260 |a Indaiatuba:  |b Editora Foco,  |c 2021 
300 |a 1 recurso electrn̤ico 
506 1 |a Disponible solo en los productos indicados  |d vLex Global  |d vLex Global (Academic Edition, excluding Law Schools)  |d vLex Global (U.S. Academic Edition, Law Schools)  |d vLex Global (U.S. Academic Edition, excluding Law Schools)  |d vLex Global (Academic Edition, Law Schools) 
650 0 4 |a Proteccin̤ de datos  |z Brasil 
700 1 |a Neubarth Trindade, Manoel Gustavo 
700 1 |a Melgar,̌ Pln̕io 
740 0 |a vLex Libros (Servicio en ln̕ea) 
856 4 0 |u https://app.vlex.com/#/sources/36253  |z Acceso restringido 
942 |c BOOK 
999 0 |a Data Protection